Online Catalogue and eLibrary

Underdevelopment poverty : (Record no. 2791)

MARC details
000 -LEADER
fixed length control field 00461nam a2200169Ia 4500
005 - DATE AND TIME OF LATEST TRANSACTION
control field 20240610015854.0
008 - FIXED-LENGTH DATA ELEMENTS--GENERAL INFORMATION
fixed length control field 240331s9999 xx 000 0 und d
082 ## - DDC Classification
Item Number - Author Mark ENG
Class No. 339
100 ## - MAIN ENTRY--PERSONAL NAME
Personal name Engineer, Irfan
245 #0 - TITLE STATEMENT
Title Underdevelopment poverty :
Remainder of title political economy of migration
Statement of responsibility, etc. Irfan, Engineer
260 ## - PUBLICATION, DISTRIBUTION, ETC.
Place of publication, distribution, etc. Mumbai
Name of publisher, distributor, etc. Vikas Adhyayan Kendra
Date of publication, distribution, etc. 1997
300 ## - PHYSICAL DESCRIPTION
Extent (e.g. Volumes, Pages etc.) vi, 86 p .,
650 ## - SUBJECT ADDED ENTRY--TOPICAL TERM
Topical term or geographic name entry element social
650 ## - SUBJECT ADDED ENTRY--TOPICAL TERM
Topical term or geographic name entry element Economic
650 ## - SUBJECT ADDED ENTRY--TOPICAL TERM
Topical term or geographic name entry element Cane and Labor
942 ## - Koha item type (Biblio)
Koha item type Books in Stacks (Lending)
Holdings
Lost status Damaged status Collection code Home library Current library Shelving location Date acquired Full call number Accession Number Item type
    Lending WERC Library WERC Library Social Science Cupboard 03/31/2024 339.46 ENG 4754 Books in Stacks (Lending)

© WERC Library